How to Solve it : a new Aspect of Mathematical Method /

Guardado en:
Detalles Bibliográficos
Autor principal: Polya, George (Autor)
Formato: Libro
Lenguaje:inglés
Publicado: Princeton Princeton University Press 2014
Colección:New Princeton Science Library Edition
Materias:
Etiquetas: Agregar Etiqueta
Sin Etiquetas, Sea el primero en etiquetar este registro!

MARC

LEADER 00000nam a22000003a 4500
001 0084933
003 SK-STU
005 20201202145354.6
007 ta
008 201202s ----xo-----e------000-0-----d
020 |a 978-0-691-16407-6 
040 |a STU  |b slo 
041 0 |a eng 
044 |a xxu 
100 1 |a Polya, George  |4 aut 
245 1 0 |a How to Solve it :  |b a new Aspect of Mathematical Method /  |c aut. George Polya 
260 |a Princeton  |b Princeton University Press  |c 2014 
300 |a 253 s. 
490 0 |a New Princeton Science Library Edition 
650 0 7 |a matematika 
996 |b 284M088507  |c M* 14410-1  |l MMKN  |s A  |a 24  |w 0084933_0001